000 00405nam a22001337a 4500
999 _c7720
_d7720
005 20190313101125.0
008 190313b ||||| |||| 00| 0 eng d
022 _a9789993628552
082 _a315.498 N27t 2018
245 _a2017 population & housing census of Bhutan ;
_bHaa Dzongkhag
260 _aThimphu :
_bNational Statisitcs Bureau,
_c2018.
300 _aviii, 56 p.
_c24 cm.
942 _2ddc
_cPERIODICAL